Singapore : Selected Issues.

The paper first uses the production function to analyze the sources of past growth in Singapore and compares it with the experience of other Asian and industrialized economies. This study also provides some thoughts on how to boost medium-term growth prospects in Singapore, and assesses the growth s...

Full description

Bibliographic Details
Corporate Author: International Monetary Fund
Format: Journal
Language:English
Published: Washington, D.C. : International Monetary Fund, 2004.
Series:IMF Staff Country Reports; Country Report ; No. 2004/103
Online Access:Full text available on IMF
LEADER 01536cas a2200241 a 4500
001 AALejournalIMF008607
008 230101c9999 xx r poo 0 0eng d
020 |c 5.00 USD 
020 |z 9781451834208 
022 |a 1934-7685 
040 |a BD-DhAAL  |c BD-DhAAL 
110 2 |a International Monetary Fund. 
245 1 0 |a Singapore :   |b Selected Issues. 
264 1 |a Washington, D.C. :  |b International Monetary Fund,  |c 2004. 
300 |a 1 online resource (47 pages) 
490 1 |a IMF Staff Country Reports 
500 |a <strong>Off-Campus Access:</strong> No User ID or Password Required 
500 |a <strong>On-Campus Access:</strong> No User ID or Password Required 
506 |a Electronic access restricted to authorized BRAC University faculty, staff and students 
520 3 |a The paper first uses the production function to analyze the sources of past growth in Singapore and compares it with the experience of other Asian and industrialized economies. This study also provides some thoughts on how to boost medium-term growth prospects in Singapore, and assesses the growth slowdown of the past few years in Singapore reflecting cyclical versus structural factors. The assessment given in this paper suggests that there are returns to be had from investment in education and structural reforms. 
538 |a Mode of access: Internet 
830 0 |a IMF Staff Country Reports; Country Report ;  |v No. 2004/103 
856 4 0 |z Full text available on IMF  |u http://elibrary.imf.org/view/journals/002/2004/103/002.2004.issue-103-en.xml  |z IMF e-Library